000 00648nam a2200229Ia 4500
003 OSt
005 20221007080057.0
006 a|||||r|||| 00| 0
007 ta
008 221006b |||||||| |||| 00| 0 eng d
024 _a13,939
037 _cTextual
040 _aFLL
_cFLL
_beng
041 _2eng
_aeng
082 _aX.16.58.N7, L7
100 _aSingh V.B. Au.
_9686539
245 0 _aSoviet economic development and rising living standards
260 _aNew Delhi
_bSterling publishers pvt. ltd. India
_c1977
300 _a96p
_ccm.
942 _hX.16.58.N7, L7
_cTEXL
_2CC
999 _c1158293
_d1158293